Polar bears past bedtime (Record no. 1021)

MARC details
000 -LEADER
fixed length control field 01113pam a2200337 a 4500
005 - DATE AND TIME OF LATEST TRANSACTION
control field 20250722111341.0
020 ## - INTERNATIONAL STANDARD BOOK NUMBER
International Standard Book Number 0679983414 (lib. bdg.)
020 ## - INTERNATIONAL STANDARD BOOK NUMBER
International Standard Book Number 9780590706384
040 ## - CATALOGING SOURCE
Original cataloging agency DLC
Transcribing agency DLC
Modifying agency DLC
Language of cataloging eng
050 00 - LIBRARY OF CONGRESS CALL NUMBER
Classification number PZ7.O81167
Item number Po 1998
082 00 - DEWEY DECIMAL CLASSIFICATION NUMBER
Classification number Fic
Edition number 21
100 1# - MAIN ENTRY--PERSONAL NAME
Personal name Osborne, Mary Pope
245 10 - TITLE STATEMENT
Title Polar bears past bedtime
Statement of responsibility, etc. by Mary Pope Osborne ; illustrated by Sal Murdocca
250 ## - EDITION STATEMENT
Edition statement First Scholastic printing, September 1998
260 ## - PUBLICATION, DISTRIBUTION, ETC.
Place of publication, distribution, etc. New York :
Name of publisher, distributor, etc. Scholastic,
Date of publication, distribution, etc. 1998.
300 ## - PHYSICAL DESCRIPTION
Extent 71 pages :
Other physical details illustrations ;
Dimensions 20 cm
490 1# - SERIES STATEMENT
Series statement Magic tree house ;
Volume/sequential designation Book 12
500 ## - GENERAL NOTE
General note "A Stepping Stone book."
505 ## - FORMATTED CONTENTS NOTE
Formatted contents note N <br/>
520 ## - SUMMARY, ETC.
Summary, etc. Their magic tree house takes Jack and Annie to the Arctic, where a polar bear leads them onto very thin ice.
521 0# - TARGET AUDIENCE NOTE
Target audience note 570 <br/>
Source Lexile <br/>
521 0# - TARGET AUDIENCE NOTE
Target audience note N <br/>
Source Raz-Plus <br/>
650 #1 - SUBJECT ADDED ENTRY--TOPICAL TERM
Topical term or geographic name entry element Polar bear
Form subdivision Fiction.
650 #1 - SUBJECT ADDED ENTRY--TOPICAL TERM
Topical term or geographic name entry element Bears
Form subdivision Fiction.
650 #1 - SUBJECT ADDED ENTRY--TOPICAL TERM
Topical term or geographic name entry element Magic
Form subdivision Fiction.
650 #1 - SUBJECT ADDED ENTRY--TOPICAL TERM
Topical term or geographic name entry element Tree houses
Form subdivision Fiction.
700 1# - ADDED ENTRY--PERSONAL NAME
Personal name Murdocca, Sal
Relator term illustrator
906 ## - LOCAL DATA ELEMENT F, LDF (RLIN)
a 7
b cbc
c orignew
d 1
e ocip
f 19
g y-gencatlg
942 ## - ADDED ENTRY ELEMENTS (KOHA)
Source of classification or shelving scheme Dewey Decimal Classification
Koha item type Books
Suppress in OPAC No
999 ## -
-- 1021
-- 1021
Holdings
Withdrawn status Lost status Source of classification or shelving scheme Damaged status Not for loan Collection Home library Current library Shelving location Date acquired Total Checkouts Full call number Barcode Date last seen Copy number Price effective from Koha item type Date last checked out
    Dewey Decimal Classification     Juvenile Fiction Footprints International School Library Network Toul Kork Campus Footprints International School Library Network Toul Kork Campus TK Primary Library Room(4th Floor), Bookcase 3&4, Shelves 17-32, Yellow Books 01/16/2024 1 OSB Fic PZ7.O81167 FISTKG4A048 06/10/2025 7 01/16/2024 Books 03/14/2025
    Dewey Decimal Classification     Juvenile Fiction Footprints International School Library Network Toul Kork Campus Footprints International School Library Network Toul Kork Campus TK Primary Library Room(4th Floor), Bookcase 3&4, Shelves 17-32, Yellow Books 01/16/2024 1 OSB Fic PZ7.O81167 FISTK00180 06/10/2025 8 01/16/2024 Books 03/14/2025
    Dewey Decimal Classification     Juvenile Fiction Footprints International School Library Network Toul Tom Poung Campus Footprints International School Library Network Toul Tom Poung Campus TTP Primary Yellow Bookshelves 07/18/2023   OSB Fic PZ7.O81167 FIS00208 07/18/2023 1 07/18/2023 Books  
    Dewey Decimal Classification     Juvenile Fiction Footprints International School Library Network Toul Tom Poung Campus Footprints International School Library Network Toul Tom Poung Campus TTP Primary Yellow Bookshelves 07/18/2023   OSB Fic PZ7.O81167 FISBK00107 08/22/2023 2 07/18/2023 Books  
    Dewey Decimal Classification     Juvenile Fiction Footprints International School Library Network Toul Tom Poung Campus Footprints International School Library Network Toul Tom Poung Campus TTP Primary Yellow Bookshelves 07/18/2023   OSB Fic PZ7.O81167 FISBK00103 08/22/2023 3 07/18/2023 Books  
    Dewey Decimal Classification     Juvenile Fiction Footprints International School Library Network Toul Tom Poung Campus Footprints International School Library Network Toul Tom Poung Campus TTP Primary Yellow Bookshelves 07/18/2023 1 OSB Fic PZ7.O81167 FISBK00106 12/09/2025 4 07/18/2023 Books 10/08/2025
    Dewey Decimal Classification     Juvenile Fiction Footprints International School Library Network Toul Tom Poung Campus Footprints International School Library Network Toul Tom Poung Campus TTP Primary Yellow Bookshelves 07/18/2023   OSB Fic PZ7.O81167 FISBK00104 08/22/2023 5 07/18/2023 Books  
    Dewey Decimal Classification     Juvenile Fiction Footprints International School Library Network Toul Tom Poung Campus Footprints International School Library Network Toul Tom Poung Campus TTP Primary Yellow Bookshelves 07/18/2023 1 OSB Fic PZ7.O81167 FISBK00105 10/03/2025 6 07/18/2023 Books 10/03/2025
    Dewey Decimal Classification     Juvenile Fiction Footprints International School Library Network Toul Tom Poung Campus Footprints International School Library Network Toul Tom Poung Campus TTP Primary Yellow Bookshelves 07/22/2025 1 OSB Fic PZ7.O81167 2025-2624 12/09/2025 9 07/22/2025 Books 10/08/2025